000 00360nam a22001457a 4500
020 _a9788126523795
082 _a630.51
_bGOM/ST
100 _aGomez, Kwanchai, A
245 _aStatistical procedures for agricultural research
250 _a2
260 _aNew Delhi
_bWiley India Pvt. Ltd.
_c2010
300 _a680
700 _aGomez, Arturo A
942 _cBK
999 _c13765
_d13765